Normal view
MARC view
- Afghanistan
Entry Geographic Name
001 - CONTROL NUMBER
- control field: 5437
003 - CONTROL NUMBER IDENTIFIER
- control field: NUST
005 - DATE AND TIME OF LATEST TRANSACTION
- control field: 20171013105233.0
008 - FIXED-LENGTH DATA ELEMENTS
- fixed length control field: 171013|| aca||aabn | a|a d
040 ## - CATALOGING SOURCE
- Original cataloging agency: NUST
- Transcribing agency: NUST
151 ## - HEADING--GEOGRAPHIC NAME
- Geographic name: Afghanistan
- General subdivision: Politics and government
- Chronological subdivision: 2001-
670 ## - SOURCE DATA FOUND
- Source citation: Work cat.: (NUST)0: Rais, Rasul Bux. 5435, Recovering the frontier state :, 2008.
